A véspera de Natal (Registo nº 2119)

Detalhes MARC
000 -Etiqueta do registo
Cabeçalho 00762nam a22002531 4500
005 - Identificador da versão
Campo de controlo 20240813121925.0
095 ## -
-- PTBN00130652
021 ## - Número do Depósito Legal
Código do país PT
Número 22925/88
100 ## - Dados gerais de processamento
Dados gerais de processamento 19921104d1988 cd y0pory5003 ba
102 ## - Pais de publicação ou produção
País de publicação Portugal
101 1# - Língua de publicação
Língua do texto, banda sonora, etc. Português
Língua do documento no original Inglês
215 ## - Descrição física 
Indicação específica da natureza do documento e extensão da espécie [26] p.
Outras indicações físicas todo il.
Dimensões 22 x 22 cm
200 1# - Titulo e menção de responsabilidade
Título próprio A véspera de Natal
Primeira menção de responsabilidade Clemente C. Moore
Outras menções de responsabilidade il. Cyndy Szkeres
-- trad. Isabel Patrícia
210 ## - Publicação, Distribuição, etc. 
Lugar da edição, distribuição, etc. Porto
Nome do editor, distribuidor, etc. Desabrochar
Data da publicação, distribuição, etc. 1988
606 ## - Nome comum usado como assunto
Número de registo de entrada de autoridade 0000001
Palavra de ordem Literatura estrangeira infantil
Subdivisão de assunto Conto
675 ## - Classificação Decimal Universal (CDU)
Notação 82-34
Edição
Língua da edição por
702 #1 - Nome de autor-pessoa física (responsabilidade secundária)
Número de registo de entrada de autoridade 0000871
Palavra de ordem Szekeres
Outra parte do nome não tomada para palavra de ordem Cyndy
Código de função Ilustrador / Técnico de desenho computorizado
Número de registo de entrada de autoridade 0000602
Palavra de ordem Patrícia
Outra parte do nome não tomada para palavra de ordem Isabel
Código de função Tradutor
700 #1 - Nome de autor-pessoa física (responsabilidade principal)
Número de registo de entrada de autoridade 0000870
Palavra de ordem Moore
Outra parte do nome não tomada para palavra de ordem Clemente C.
942 ## - Elementos de entrada adicionados (Koha)
Tipo de item no Koha Livro
Exemplares
Situação do levantamento Origin of item (home branch) (coded) Biblioteca de empréstimo Código de barras Cota Circulation type (not for loan) Tipo de documento Nota do exemplar Damaged status
  Biblioteca Escolar da Coca Maravilhas Biblioteca Escolar da Coca Maravilhas BECM1572/92 8EST MOO   Livro Sem mensagem